Géographie - Les 20 villes les + peuplées des Alpes-de-Haute-Provence - Statistiques

Statistiques générales
  • Ce quiz a été pris 29 fois
  • Le résultat moyen est 8 sur 20
Statistiques - réponses
HINT HINT ANSWER % Correct
17 694 D Digne-les-Bains
100%
22 807 M Manosque
95%
5 142 F Forcalquier
91%
7 776 S Sisteron
82%
2 528 B Barcelonnette
73%
6 042 O Oraison
59%
5 095 C Château-Arnoux-Saint-Auban
36%
3 992 L Les Mées
32%
3 088 G Gréoux-les-Bains
27%
3 530 S Sainte-Tulle
27%
3 151 V Valensole
27%
3 227 V Volx
27%
4 386 V Villeneuve
23%
2 019 M Malijai
18%
2 796 P Peyruis
18%
3 943 P Pierrevert
18%
1 496 P Peipin
9%
1 730 R Reillanne
5%
1 625 R Riez
5%
1 637 V Volonne
5%
Aucun quiz correspondant
Distribution des résultats
% des personnes avec chaque résultat
Percentile par nombre de réponses
Votre historique - résultats
Vous n’avez pas pris ce quiz